00758 2200277 4500001002100000005001500021035002500036008004100061020002200102040001700124082001400141084001600155090002000171090002200191100001300213245004800226250001100274260003800285300004100323504003300364650002400397850001200421007000300433999002200436990002200458INLIS00000000000366820200513015741 a0010-041500000000734150409s2014 yoia g ind d a978-602-7762-04-6 aYOPDYOGbind04222a371.3 a371.3 NGA s aDEP 371.3 NGA s aCB-D.11 2014-11620 aNgalimun00aStrategi dam model pembelajaran /cNgalimun aCet. 3 aSleman :bAswaja Pressindo,c20143 ax, 210 halaman :bilustrasi ;c23 cm aBibliografi: halaman 199-210 4aMetode pembelajaran aYOPDYOGta aCB-D.11/2014-1162 aCB-D.11/2014-1162